Mini dental Implants : (Record no. 35275)

MARC details
000 -LEADER
fixed length control field 00509nam a22001697a 4500
005 - DATE AND TIME OF LATEST TRANSACTION
control field 20240307144122.0
008 - FIXED-LENGTH DATA ELEMENTS--GENERAL INFORMATION
fixed length control field 240307b |||||||| |||| 00| 0 eng d
020 ## - INTERNATIONAL STANDARD BOOK NUMBER
ISBN 9781455743865
082 ## - DEWEY DECIMAL CLASSIFICATION NUMBER
Classification number 617.692
Item number SEN-M
100 ## - MAIN ENTRY--AUTHOR
Author Name Sendax; Victor. L
245 ## - TITLE STATEMENT
Title Mini dental Implants :
Remainder of title principles and practice /
Statement of responsibility, etc. Victor L. Sendax
260 ## - PUBLICATION, DISTRIBUTION, ETC.
Place of Publication China :
Name of publisher, distributor, etc. Elsevier ;
Date of publication, distribution, etc. 2013 .
300 ## - PHYSICAL DESCRIPTION
Pages xxii , 296 p. :
500 ## - GENERAL NOTE
General note Include Index. Hard binding.
650 ## - SUBJECT ADDED ENTRY--TOPICAL TERM
Subject / Department Medical / Denistry
300 ## - PHYSICAL DESCRIPTION
-- ill ;
-- 28.5 cm .
952 ## - LOCATION AND ITEM INFORMATION (KOHA)
-- 0
-- 0
Holdings
Lost status Damaged status Collection code Permanent Location Current Location Shelving Location Date acquired Full Call Number Accession No./Barcode Date last seen item type Koha item type
    Medical Superior Information Resource Center (SIRC) Superior University- Central Library Superior Information Resource Center (SIRC) Superior University- Central Library Dentistry 03/07/2024 617.692 SEN-M 2013 13414 03/07/2024 BOOK BOOK

Powered by Koha